Quick starters : new faculty who succeed (Record no. 75562)

MARC details
000 -CABECERA
campo de control de longitud fija 00630nam a2200229 a 4500
005 - FECHA Y HORA DE LA ÚLTIMA TRANSACCIÓN
campo de control 20210219153401.0
008 - ELEMENTOS DE LONGITUD FIJA--INFORMACIÓN GENERAL
campo de control de longitud fija 991125n 000 0 u
035 ## - NÚMERO DE CONTROL DEL SISTEMA
Número de control de sistema UPN01000095587
100 ## - ASIENTO PRINCIPAL--NOMBRE PERSONAL
Nombre de persona Boice, Robert
222 ## - TÍTULO CLAVE
Título clave NEW DIRECTIONS FOR TEACHING AND LEARNING
245 ## - MENCIÓN DE TÍTULO
Título Quick starters : new faculty who succeed
300 ## - DESCRIPCIÓN FÍSICA
Extensión 111-122
362 ## - FECHAS DE PUBLICACIÓN Y/O DESIGNACIÓN SECUENCIAL
Fecha de publicación y/o designación secuencial No. 48, 1991
505 ## - NOTA DE CONTENIDO CON FORMATO PREESTABLECIDO
Nota de contenido con formato Mayo 1992
653 0# - TERMINO DE INDIZACION - NO CONTROLADO
Término no controlado DESARROLLO DEL MAESTRO
653 0# - TERMINO DE INDIZACION - NO CONTROLADO
Término no controlado EFICACIA DEL MAESTRO
653 0# - TERMINO DE INDIZACION - NO CONTROLADO
Término no controlado FACULTAD COLEGIAL
653 0# - TERMINO DE INDIZACION - NO CONTROLADO
Término no controlado INGRESO DE TRABAJADORES
653 0# - TERMINO DE INDIZACION - NO CONTROLADO
Término no controlado INSTRUCCION COLEGIAL
904 ## - ELEMENTOS DE DATOS D LOCAL, LDD (RLIN)
a AC
b 033398
905 ## - TIPO DE MATERIAL
Tipo de material Articulo

No items available.